LEADER 03110nam 22006251c 450 001 9910463161603321 005 20200115203623.0 010 $a1-4725-4086-7 010 $a1-4411-4341-6 024 7 $a10.5040/9781472540867 035 $a(CKB)2670000000355956 035 $a(EBL)1177239 035 $a(OCoLC)841908833 035 $a(SSID)ssj0000872139 035 $a(PQKBManifestationID)12392858 035 $a(PQKBTitleCode)TC0000872139 035 $a(PQKBWorkID)10829324 035 $a(PQKB)10201192 035 $a(MiAaPQ)EBC1177239 035 $a(Au-PeEL)EBL1177239 035 $a(CaPaEBR)ebr10692477 035 $a(CaONFJC)MIL615492 035 $a(UtOrBLW)bpp09255471 035 $a(EXLCZ)992670000000355956 100 $a20140929d2012 uy 0 101 0 $aeng 135 $aur|n|---||||| 181 $ctxt 182 $cc 183 $acr 200 10$aRepublicanism during the early Roman Empire $fSam Wilkinson 210 1$aLondon $aNew York $cContinuum $d2012. 215 $a1 online resource (270 p.) 300 $aDescription based upon print version of record. 311 $a1-4411-3793-9 311 $a1-4411-2052-1 320 $aIncludes bibliographical references and index 327 $aPreface -- Introduction -- Part I: The Evidence for Republicanism -- 1. Opposition I: Overthrowing the Principate -- 2. Opposition II: A Moral Opposition -- Part II: The Discourse -- 3. Law -- 4. Morality -- 5. Behaviour -- Conclusion -- Notes -- Bibliography -- Index 330 8 $aExploring the political ideology of Republicanism under the Roman emperors of the first century AD, Sam Wilkinson puts forward the hypothesis that there was indeed opposition to the political structure and ideology of the rulers on the grounds of Republicanism. While some Romans wanted a return to the Republic, others wanted the emperor to ensure his reign was as close to Republican moral and political ideology as possible. Analysing the discourse of the period, the book charts how the view of law, morality and behaviour changed under the various Imperial regimes of the first century AD. Uniquely, this book explores how emperors could choose to set their regime in a more Republican or more Imperial manner, thus demonstrating it was possible for both the opposition and an emperor to be Republican. The book concludes by providing evidence of Republicanism in the first century AD which not only created opposition to the emperors, but also became part of the political debate in this period. 606 $2Ancient history: to c 500 CE 606 $aRepublicanism$zRome 606 $aPolitical culture$zRome 607 $aRome$xHistory$yJulio-Claudians, 30 B.C.-68 A.D 607 $aRome$xPolitics and government$y30 B.C.-68 A.D 615 0$aRepublicanism 615 0$aPolitical culture 676 $a937/.7 700 $aWilkinson$b Sam$0859841 801 0$bUtOrBLW 801 1$bUtOrBLW 801 2$bUkLoBP 906 $aBOOK 912 $a9910463161603321 996 $aRepublicanism during the early Roman Empire$92120664 997 $aUNINA